000 00301nam a2200109Ia 4500
008 190914s9999||||xx |||||||||||||| ||und||
100 _a Shoqi Abu Khalil
245 0 _aAtlas-ul-Quran : Muqamat,Aqwam,aur Shakseat Ka Tazkirah
260 _aKarachi
_bIdarahai Tableegh
_c2004
300 _a675
942 _cBK
999 _c9431
_d9431